000 00643nas a2200229 4500
001 BR8900053
003 BR-BrBNA
005 20231205091431.0
007 ta
008 230509b bl.|||p| |||| 00| 00por d
040 _aBR-BrBNA
_bpor
_cBiblioteca Nacional de Agricultura
041 _a(Pt)
072 _aL01
100 1 _aAnon.
245 1 _aMansa e afetuosa, a cabra da leite, carne, couro e adubo
650 _aCABRA
650 _aCAPRINOCULTURA
650 _aCRIACAO
773 0 _tBrasil Agricola (Brazil)
_xISSN 0102-8170
_g(1987), v. 1(9) p. 38-39
_wBR8900053
909 _a202311
_bLúcia
_c55
_dLúcia Elande
942 _2AGRIS
_n0
_cANA
999 _c125057
_d125057